| 000 | 00408nam a2200169Ia 4500 | ||
|---|---|---|---|
| 008 | 240729s9999 xx 000 0 und d | ||
| 022 | _a2504-3129 | ||
| 245 | 0 | _aNitrogen | |
| 260 | _aSwitzerland | ||
| 260 | _bMDPI AG | ||
| 650 | _a Biology (General) | ||
| 650 | _a Ecology | ||
| 650 | _aScience | ||
| 856 | _uhttps://doaj.org/toc/43b445887ef842c6b0f07b4d77347bae | ||
| 942 | _2ddc | ||
| 942 | _cDOAJEJ | ||
| 999 |
_c71854 _d71854 |
||
| 945 |
_a1 _bMadushi Gamage _c1 _dMadushi Gamage |
||